[Event "AUTO-OPEN-4619"]
[Site "http://www.queenalice.com/game.php?id=1864217"]
[Date "2025.10.13"]
[Round "1"]
[White "Richardlim"]
[Black "chessman"]
[Result "0-1"]
[WhiteElo "1826"]
[BlackElo "2072"]

1. c4 c6 2. Nf3 d5 3. b3 Nf6 4. Bb2 e6 5. e3 Be7 6. Be2 O-O 7. O-O Re8 8. Qc2
Nbd7 9. Nc3 Nf8 10. Rfd1 a6 11. Bd3 h6 12. a3 Bd7 13. b4 dxc4 14. Bxc4 Qc7 0-1

[Event "AUTO-OPEN-4619"]
[Site "http://www.queenalice.com/game.php?id=1864230"]
[Date "2025.10.13"]
[Round "1"]
[White "josebaron"]
[Black "Richardlim"]
[Result "1-0"]
[WhiteElo "2186"]
[BlackElo "1828"]

1. e4 c5 2. Nf3 d6 3. Bb5+ Bd7 4. Bxd7+ Qxd7 5. O-O Nc6 6. d3 O-O-O 7. Nc3 h6 8.
Re1 f6 9. a4 g5 10. d4 cxd4 11. Nxd4 Kb8 12. Nxc6+ Qxc6 13. Nd5 e6 14. Nb4 Qc7
15. a5 d5 16. Nd3 1-0

[Event "AUTO-OPEN-4619"]
[Site "http://www.queenalice.com/game.php?id=1864231"]
[Date "2025.10.13"]
[Round "1"]
[White "Richardlim"]
[Black "josebaron"]
[Result "0-1"]
[WhiteElo "1830"]
[BlackElo "2183"]

1. c4 e5 2. Nc3 Nf6 3. g3 Bc5 4. Bg2 Nc6 5. e3 O-O 6. Nge2 d6 7. O-O a6 8. d4
exd4 9. exd4 Ba7 10. Bg5 Bg4 11. Qd2 Bxe2 12. Nxe2 Re8 13. a3 a5 14. d5 Ne5 0-1

[Event "AUTO-ADV-4898"]
[Site "http://www.queenalice.com/game.php?id=1864241"]
[Date "2025.10.14"]
[Round "1"]
[White "Richardlim"]
[Black "maurice916"]
[Result "0-1"]
[WhiteElo "1855"]
[BlackElo "1890"]

1. c4 c6 2. Nf3 d5 3. b3 Nf6 4. Bb2 e6 5. e3 Be7 6. Be2 O-O 7. O-O Na6 8. cxd5
cxd5 9. Bxa6 bxa6 10. d3 Bb7 11. Nbd2 Rc8 12. Ne5 Bd6 0-1

[Event "AUTO-ADV-4898"]
[Site "http://www.queenalice.com/game.php?id=1864242"]
[Date "2025.10.14"]
[Round "1"]
[White "maurice916"]
[Black "Richardlim"]
[Result "1-0"]
[WhiteElo "1874"]
[BlackElo "1871"]

1. Nf3 c5 2. b3 Nf6 3. Bb2 d5 4. e3 e6 5. d4 cxd4 6. exd4 Bb4+ 7. c3 Bd6 8. Nbd2
O-O 9. Be2 Bc7 10. O-O Qd6 11. g3 b6 12. Re1 Nbd7 13. Bf1 1-0

[Event "AUTO-ADV-4898"]
[Site "http://www.queenalice.com/game.php?id=1864243"]
[Date "2025.10.14"]
[Round "1"]
[White "Richardlim"]
[Black "dimitridruloza2012"]
[Result "1-0"]
[WhiteElo "1852"]
[BlackElo "1763"]

1. c4 b6 2. Nc3 g6 3. Nf3 Bg7 4. d4 Bb7 5. e4 Nf6 6. Bd3 e6 7. Bg5 h6 8. Bxf6
Qxf6 9. O-O Nc6 10. Re1 Nxd4 11. Nxd4 Qxd4 12. Qc2 Qe5 13. Rad1 Qg5 14. Nb5 Qc5
15. Nc3 Qg5 16. Nb5 Qc5 17. a3 a6 18. b4 Qc6 19. Nc3 Bf6 20. f3 Bh4 21. Re2 Qd6
22. e5 Qe7 23. Be4 c6 24. Red2 Rd8 25. Na4 b5 26. Nc5 Bc8 27. Bxc6 Bg5 28. Rd3
O-O 29. Bxd7 bxc4 30. Qxc4 Bh4 31. Bxc8 Rxd3 32. Nxd3 Rd8 33. Qxa6 Qg5 34. f4
Qxf4 35. Nxf4 Rxd1+ 36. Qf1 Rxf1+ 37. Kxf1 Kf8 38. Nd3 Ke7 39. Ke2 Kd8 40. Bb7
Kc7 41. Bf3 Kb6 42. Kd2 Kb5 43. Kc3 Ka4 44. Kb2 Bg5 45. Bc6# 1-0

[Event "AUTO-ADV-4898"]
[Site "http://www.queenalice.com/game.php?id=1864244"]
[Date "2025.10.14"]
[Round "1"]
[White "dimitridruloza2012"]
[Black "Richardlim"]
[Result "1-0"]
[WhiteElo "1934"]
[BlackElo "1839"]

1. g3 e5 2. b3 d5 3. Bb2 Nc6 4. Bg2 Nf6 5. Nf3 Bd6 6. e3 Bg4 7. h3 Bxf3 8. Qxf3
e4 9. Qe2 O-O 10. Nc3 Be5 11. O-O-O a6 12. f4 Bd6 13. h4 Ne7 14. h5 Nf5 15. g4
Ng3 16. Qf2 Nxh1 17. Bxh1 Re8 18. g5 Nxh5 19. Nxd5 c6 20. Nc3 g6 21. Bxe4 f5 22.
Bd3 b5 23. a3 b4 24. axb4 Bxb4 25. Na4 c5 26. Bc4+ Kf8 27. Qf3 Ra7 28. c3 Ba5
29. Nxc5 Qc8 30. Qd5 Kg7 31. Nxa6 Qd8 32. Qc5 Rae7 33. Bb5 Bb6 34. Qb4 Kf8 35.
Ba3 Ng7 36. Rh1 Nh5 37. Qc4 Qa8 38. Rh2 Rc8 39. Qd3 Rd8 40. Qe2 Qd5 41. Bc4 Qb7
42. Rxh5 gxh5 43. Qxh5 Kg7 44. Qh6+ Kh8 45. Bxe7 Qxe7 46. Qxb6 Qa3+ 47. Kd1 Qd6
48. Qxd6 Rxd6 49. Nc5 Kg7 50. Nd3 h6 51. gxh6+ Kxh6 52. b4 Kg7 53. Ne5 Kf8 54.
Bb3 Ke7 55. Bc4 Rh6 56. b5 Rh1+ 57. Kc2 Kd6 58. Nf7+ Kc5 59. Bd3 Rh5 60. Ne5 Kd5
61. c4+ Kc5 62. Kc3 Kb6 63. Kb4 Rh2 64. c5+ Kb7 65. c6+ Kb6 66. Bxf5 Rh1 67.
Nd7+ Kc7 68. Be6 Rb1+ 69. Bb3 Rb2 70. Kc3 Rb1 71. f5 Rc1+ 72. Kb2 Rh1 73. f6 Rh2
74. Kc2 Kd6 75. f7 Rf2 76. f8=Q+ Rxf8 77. Nxf8 Kc7 78. d4 Kb6 79. Ba4 Kc7 80.
Ne6+ Kd6 81. c7 Kxe6 82. c8=Q+ Kd5 83. b6 Kd6 84. b7 Kd5 85. b8=Q Ke4 86. Qe5+
Kf3 87. Qh3+ Ke2 88. Qeh2+ 1-0

[Event "AUTO-OPEN-4647"]
[Site "http://www.queenalice.com/game.php?id=1871632"]
[Date "2026.4.8"]
[Round "1"]
[White "Capixaba789"]
[Black "Richardlim"]
[Result "0-1"]
[WhiteElo "1825"]
[BlackElo "1877"]

1. d4 Nf6 2. c4 g6 3. Nc3 Bg7 4. e4 d6 5. f4 O-O 6. Nf3 c5 7. d5 e6 8. Bd3 exd5
9. Nxd5 Nc6 10. O-O Bg4 11. Qe1 Re8 12. Be3 Nxe4 13. Qc1 Nf6 14. Bd2 Nxd5 15.
cxd5 Ne7 16. Bb5 Bd7 17. Bxd7 Qxd7 18. Bc3 Nxd5 19. Bxg7 Kxg7 20. Ng5 Ne7 21.
Qc3+ f6 22. Nf3 Nd5 23. Qc1 Re7 24. b3 Re4 0-1

[Event "AUTO-OPEN-4647"]
[Site "http://www.queenalice.com/game.php?id=1871633"]
[Date "2026.4.8"]
[Round "1"]
[White "Richardlim"]
[Black "Capixaba789"]
[Result "0-1"]
[WhiteElo "1853"]
[BlackElo "1895"]

1. c4 e5 2. Nc3 f5 3. g3 Nf6 4. Bg2 d6 5. d3 Be7 6. Nf3 O-O 7. O-O c6 8. Bd2 Be6
9. Ng5 Bd7 10. Qb3 b6 11. c5+ d5 12. cxb6 axb6 13. e4 fxe4 14. Ngxe4 Kh8 15.
Nxf6 Bxf6 16. Qc2 Na6 17. a3 d4 18. Ne4 Nc7 19. Nxf6 Qxf6 20. Rac1 Nd5 21. Rce1
b5 22. Qc1 Bf5 23. Qc2 Rfc8 24. Rc1 Qf7 25. Rfe1 Qf6 26. Qb1 h6 27. Kh1 Qg6 28.
Be4 Bxe4+ 29. Rxe4 Qf6 30. Rf1 Qf3+ 31. Kg1 Rf8 32. Rxe5 Rae8 33. Rxe8 Rxe8 34.
Re1 Rf8 35. Rf1 Nf6 36. Bf4 Ng4 37. Qd1 Rxf4 38. Qxf3 Rxf3 39. h3 Ne5 40. Kg2
Rxd3 41. f4 Nc4 42. Rb1 Rd2+ 43. Kf3 Rxb2 44. Re1 Rb3+ 45. Kg4 d3 46. Kh5 Kh7
47. f5 Rxa3 48. Re6 d2 49. g4 Rxh3# 0-1

[Event "AUTO-OPEN-4647"]
[Site "http://www.queenalice.com/game.php?id=1871680"]
[Date "2026.4.8"]
[Round "1"]
[White "Richardlim"]
[Black "WoodpusherKid"]
[Result "0-1"]
[WhiteElo "1891"]
[BlackElo "2707"]

1. c4 e5 2. Nc3 Nf6 3. g3 Bc5 4. Bg2 c6 5. d3 d5 6. e3 dxc4 7. dxc4 Qxd1+ 8.
Nxd1 Bb4+ 9. Bd2 Bxd2+ 10. Kxd2 O-O 11. Ke2 Re8 12. f3 Be6 13. b3 e4 14. Kf2 Rd8
15. fxe4 Nbd7 16. Ne2 Ne5 17. Nb2 Rd2 18. Rab1 Rxb2 19. Rxb2 Nd3+ 20. Kf3 Bg4#
0-1

[Event "AUTO-OPEN-4647"]
[Site "http://www.queenalice.com/game.php?id=1871681"]
[Date "2026.4.8"]
[Round "1"]
[White "WoodpusherKid"]
[Black "Richardlim"]
[Result "1-0"]
[WhiteElo "2718"]
[BlackElo "1896"]

1. g3 g6 2. d4 d5 3. Nc3 Bg7 4. Nf3 Nf6 5. Bg2 Be6 6. O-O O-O 7. a4 Qc8 8. Ng5
c6 9. e4 dxe4 10. Nxe6 Qxe6 11. Re1 Na6 12. Nxe4 Qd7 13. Bg5 Rad8 14. Qe2 Nc7
15. Nc5 Qxd4 16. Nxb7 Ne6 17. Nxd8 Qxd8 18. Be3 Qc7 19. Bh3 a5 20. Bxe6 fxe6 21.
Rad1 Nd5 22. Bd4 Bxd4 23. Qxe6+ Rf7 24. Rxd4 Kg7 25. Qe5+ Qxe5 26. Rxe5 Rf6 27.
c4 c5 28. Rdxd5 Rf7 29. Rxc5 h5 30. Rxa5 Kh6 31. c5 g5 32. Re6+ Rf6 33. Rxf6+
1-0

[Event "AUTO-ADV-4929"]
[Site "http://www.queenalice.com/game.php?id=1871717"]
[Date "2026.4.8"]
[Round "1"]
[White "Slarty_Bartfast"]
[Black "Richardlim"]
[Result "1-0"]
[WhiteElo "1952"]
[BlackElo "1854"]

1. d4 Nf6 2. c4 g6 3. Nc3 Bg7 4. Nf3 d6 5. e4 O-O 6. Bg5 Nbd7 7. b4 a6 8. a4 c6
9. Qb3 e6 10. e5 dxe5 11. dxe5 Nxe5 12. Nxe5 Qd4 13. Nf3 Qd7 14. Rd1 Qc7 15. Bd3
Bd7 16. O-O e5 17. Ne4 Nxe4 18. Bxe4 1-0

[Event "AUTO-ADV-4929"]
[Site "http://www.queenalice.com/game.php?id=1871718"]
[Date "2026.4.8"]
[Round "1"]
[White "Richardlim"]
[Black "Slarty_Bartfast"]
[Result "0-1"]
[WhiteElo "1867"]
[BlackElo "1939"]

1. c4 g6 2. g3 d6 3. Bg2 Bg7 4. Nc3 Nf6 5. Nf3 O-O 6. O-O e5 7. d3 c6 8. Bd2 Be6
9. Qc1 Nbd7 10. Bh6 Ng4 11. Bxg7 Kxg7 12. Ne4 Ndf6 13. Nxf6 Nxf6 14. Qc2 Qb6 15.
h3 Rac8 16. b3 Bf5 17. Nh4 Be6 18. Nf3 Nh5 0-1

[Event "AUTO-ADV-4929"]
[Site "http://www.queenalice.com/game.php?id=1871733"]
[Date "2026.4.8"]
[Round "1"]
[White "Richardlim"]
[Black "dosoldini"]
[Result "1-0"]
[WhiteElo "1842"]
[BlackElo "1615"]

1. c4 e5 2. Nc3 c6 3. g3 Nf6 4. Bg2 Bc5 5. e3 d6 6. d3 O-O 7. Nf3 h6 8. O-O Bd7
9. Qb3 b6 10. Na4 b5 11. Nxc5 dxc5 12. Nxe5 Qe7 13. Nxd7 Qxd7 14. cxb5 cxb5 15.
Bxa8 c4 16. dxc4 Nc6 17. Bxc6 Qxc6 18. Qxb5 Qf3 19. Qe5 Ng4 20. Qf4 Qe2 21. Kg2
Nxh2 22. Rh1 Ng4 23. b3 Re8 24. Qf3 Qxf3+ 25. Kxf3 Ne5+ 26. Ke2 Re6 27. f4 Ng4
28. Kf3 f5 29. Bd2 Rd6 30. Bc3 Rd3 31. Bd4 Kh7 32. Rad1 Nh2+ 33. Ke2 1-0

[Event "AUTO-ADV-4929"]
[Site "http://www.queenalice.com/game.php?id=1871734"]
[Date "2026.4.8"]
[Round "1"]
[White "dosoldini"]
[Black "Richardlim"]
[Result "0-1"]
[WhiteElo "1571"]
[BlackElo "1893"]

1. e4 c5 2. Bc4 e6 3. Nf3 Nc6 4. a3 d6 5. Nc3 Be7 6. d3 Nf6 7. h3 a6 8. Be3 O-O
9. Ne2 Bd7 10. d4 Nxe4 11. Qd3 Nf6 12. Bd2 d5 13. Bb3 c4 14. Qe3 cxb3 15. Qxb3
Qc7 16. Qc3 Ne4 17. Qd3 f5 18. Bf4 Qd8 19. Ne5 Nxe5 20. Bxe5 Bf6 21. Bxf6 Qxf6
22. Qe3 Bb5 23. O-O-O f4 24. Nxf4 Qxf4 25. Qxf4 Rxf4 0-1